01862nam a2200265 i 4500006001900000007001500019008004100034020004300075040002100118082001700139100002900156245009800185250002000283260004500303300006300348490003800411500007300449520089000522650001701412650002201429700002901451776003501480830003901515856004201554m|||||o||d||||||||cr||||||||||||180814s2020||||enk o ||1 0|eng|d a9781108674812 (ebook)qOnline Resource aUkCbUPbengerda00a551.46/32231 aFalnes, Johannes,d1931-10aOcean waves and oscillating systems :blinear interactions including wave-energy extraction / aSecond edition. aLondonbCambridge University Pressc2020 a1 online resource (ix, 307 pages) :bdigital, PDF file(s).1 aCambridge ocean technology series aTitle from publisher's bibliographic system (viewed on 12 May 2020). aUnderstand the interaction between ocean waves and oscillating systems with this useful new edition. With a focus on linear analysis of low-amplitude waves, you are provided with a thorough understanding of wave interactions, presented to be easily accessible to non-specialist readers. Topics covered include the background mathematics of oscillations, gravity waves on water, the dynamics of wave-body interactions, and the absorption of wave energy by oscillating bodies and oscillating water columns. Featuring new content throughout, including three new chapters on oscillating-body wave energy converters, oscillating water columns and other types of wave energy converters, and wave energy converter arrays, this book is an excellent resource for students, researchers, and engineers who are new to the subject of wave energy conversion, as well as those with more experience.  0aOcean waves. 0aOcean wave power.1 aKurniawan, Adi,eauthor.08iPrint version: z9781108481663 0aCambridge ocean technology series.40uhttps://doi.org/10.1017/9781108674812